Divinity and experience : the religion of the Dinka

Αποθηκεύτηκε σε:
Λεπτομέρειες βιβλιογραφικής εγγραφής
Κύριος συγγραφέας: Lienhardt, R. G. (R. Godfrey)
Μορφή: Βιβλίο
Γλώσσα:English
Δημοσίευση: Oxford : Clarendon, 1978
Θέματα:
Ετικέτες: Προσθήκη ετικέτας
Δεν υπάρχουν, Καταχωρήστε ετικέτα πρώτοι!

MARC

LEADER 00000nam a2200000 i 4500
001 1/75228
008 970107s1961 eng d
020 |a 0-19-823119-9 
035 |l 10003710 
040 |a GR-MY-UA  |b gre  |e aacr 
041 0 |a eng 
082 0 |a 306.609624 
100 1 |a Lienhardt, R. G.  |q (R. Godfrey) 
245 1 0 |a Divinity and experience :  |b the religion of the Dinka /  |c Godfrey Lienhardt 
260 |a Oxford :   |b Clarendon,   |c 1978 
300 |a 328 p. 
504 |a Includes index 
650 0 0 |a Dinka (African people)  |x Religion. 
650 0 0 |a Religion. 
650 0 0 |a Ethnology  |z Sudan. 
650 0 0 |a Nilotic peoples. 
852 |a INST  |b LESVOS  |e 19970107  |h 306.609624 LIE  |p 005100008739  |q 005100008739  |t BK  |y 0 
909 |a Λ  |b 03860